000 00326nam a2200145Ia 4500
005 20251222153533.0
008 251222s9999||||xx |||||||||||||| ||spa||
020 _a9788499896489
082 _a813.54/T99
100 _aTyler, Anne
245 0 _aBuscando a Caleb
250 _a1ra.ed.
264 _bBebols!llo
942 _cLIB
999 _c30142
_d30142